Gares sur la ligne de Montpellier à Alès - Statistiques

Statistiques générales
  • Ce quiz a été pris 40 fois
  • Le résultat moyen est 9 sur 21
Statistiques - réponses
Département Gare % Correct
0 Gard (30) Nîmes
100%
1 Gard (30) Alès
92%
0 Hérault (34) Lunel
73%
0 Hérault (34) Montpellier-Saint-Roch
69%
1 (30) Saint-Geniès-de-Malgoirès
58%
0 (34) Baillargues
50%
0 Gard (30) Beaucaire
46%
0 Bouches-du-Rhône (13) Tarascon
42%
0 Vaucluse (84) Avignon-Centre
38%
1 (30) Fons - Saint-Mamert
38%
0 (30) Vergèze - Codognan
38%
1 (30) Boucoiran
35%
0 (30) Nîmes-Pont-du-Gard
31%
1 (30) Nozières - Brignon
27%
0 (30) Saint-Césaire
27%
0 (34) Lunel-Viel
23%
0 (30) Milhaud
23%
0 Gard (30) Gallargues
19%
0 (34) Saint-Aunès
19%
0 (30) Uchaud
19%
0 (34) Valergues - Lansargues
15%
Aucun quiz correspondant
Distribution des résultats
% des personnes avec chaque résultat
Percentile par nombre de réponses
Votre historique - résultats
Vous n’avez pas pris ce quiz